| 000 | 00955cam a2200277 4500 | ||
|---|---|---|---|
| 001 | B2815 | ||
| 008 | 090401t1989 xxu||||| |||| 00| 0 eng d | ||
| 035 | _a(Sirsi) u52352 | ||
| 041 | _aeng | ||
| 050 | _a346.41032 | ||
| 090 | _aRICS 1989/83ABCD | ||
| 110 |
_aRoyal Institution of Chartered Surveyors _94900 |
||
| 245 | _aReport of the working party on professional liability in the public sector | ||
| 260 |
_aLondon _bRoyal Institution of Chartered Surveyors _c1989 |
||
| 300 | _a18,(36)p. ; 30cm. | ||
| 350 | _a0 | ||
| 520 | _aSUPERSEDED. Replaced by `Report of the Working Party on Professional liability in the Public and Corporate Sectors` RICS 1997/55.Working party on professional liability in the public sector. | ||
| 650 | _aCPII | ||
| 650 |
_aInsurance _96249 |
||
| 650 | _aNEGLIGENCE | ||
| 650 | _aPROFESSIONAL INDEMNITY INSURANCE | ||
| 650 | _aRICS | ||
| 700 |
_aCoe, Geoffrey _xChairman |
||
| 942 | _n0 | ||
| 948 | _c04/03/1997 | ||
| 999 |
_c93042 _d93042 |
||